برا ۓ رخصت (Record no. 3395)

MARC details
000 -LEADER
fixed length control field 00894 a2200241 4500
005 - DATE AND TIME OF LATEST TRANSACTION
control field 20081010142839.0
008 - FIXED-LENGTH DATA ELEMENTS--GENERAL INFORMATION
fixed length control field 081010t xxu||||| |||| 00| 0 ur d
010 ## - LCCN (DPL NO)
LC control number UR-7334
020 ## - INTERNATIONAL STANDARD BOOK NUMBER
International Standard Book Number 8180480259
Terms of availability 195.00
035 ## - SYSTEM CONTROL NUMBER
System control number U-5889
037 ## - SOURCE OF ACQUISITION
Source of stock number/acquisition D.B.Act / Pub
082 ## - DEWEY DECIMAL CLASSIFICATION NUMBER
Classification number 841
100 ## - MAIN ENTRY--PERSONAL NAME
Personal name تيا گی ،بی ايس
9 (RLIN) 9444
245 ## - TITLE STATEMENT
Title برا ۓ رخصت
Statement of responsibility, etc بی ايس تيا گی
246 ## - VARYING FORM OF TITLE
Title proper/short title Brayai Rukshat
Remainder of title by B.S.Tyagi
260 ## - PUBLICATION, DISTRIBUTION, ETC. (IMPRINT)
Place of publication, distribution, etc چنديگڈھ
Name of publisher, distributor, etc ارون پبليشنگ ہا ؤس
Date of publication, distribution, etc 2007
270 ## - ADDRESS
Address SCO,49-51,Sector-17C,
City چند يگڈھ
Postal code 160017
Telephone number 01722702189
Electronic mail address arunpublishing@yahoo.com
300 ## - PHYSICAL DESCRIPTION
Extent 118
Dimensions 22cm (pbk)
650 ## - SUBJECT ADDED ENTRY--TOPICAL TERM
Topical term or geographic name as entry element شا عری
9 (RLIN) 9445
650 ## - SUBJECT ADDED ENTRY--TOPICAL TERM
Topical term or geographic name as entry element Poetry
9 (RLIN) 9446
942 ## - ADDED ENTRY ELEMENTS (KOHA)
Institution code [OBSOLETE] dpl
Item type Urdu Bks
Source of classification or shelving scheme Dewey Decimal Classification
Classification part 841
Call number suffix ت ي ا
Holdings
Withdrawn status Lost status Source of classification or shelving scheme Damaged status Not for loan Collection code Home library Current library Date acquired Cost, normal purchase price Total Checkouts Full call number Barcode Date last seen Copy number Cost, replacement price Koha item type
    Dewey Decimal Classification   Not For Loan Non-fiction D.B.Act.Division D.B.Act.Division 10/10/2008 195.00   841 ت ي ا U-5889 15/09/2008 1 195.00 Urdu Bks

© Delhi Public Library
Hit Counter
free hit counter